Joueurs de Foot par Pays - Amérique - Statistiques

Statistiques générales
  • Ce quiz a été pris 206 fois
  • Le résultat moyen est 13 sur 15
Statistiques - réponses
Hint Réponse % Correct
Lionel Messi Argentine
100%
Kaka Brésil
98%
Ramadel Falcao Colombie
97%
Christian Pulisic Etats Unis
96%
Darwin Nunez Uruguay
96%
Alphonso Davies Canada
95%
Alexis Sanchez Chili
94%
Usain Bolt Jamaique
92%
Keylor Navas Costa Rica
90%
Rafael Marquez Mexique
88%
Antonio Valencia Equateur
82%
Roque Santa Cruz Paraguay
78%
Claudio Pizzaro Pérou
78%
Erwin Sanchez Bolivie
65%
Luis Palma Honduras
45%
Aucun quiz correspondant
Distribution des résultats
% des personnes avec chaque résultat
Percentile par nombre de réponses
Votre historique - résultats
Vous n’avez pas pris ce quiz